000 00794nmc a2200301 a 4500
003 AR-BaBNM
005 20251128211455.0
008 154020s1997 ||||||||||||||000 | spa||
020 _a950-724-607-X
040 _cAR-BaBNM
100 1 _aStewart, Paul
245 1 0 _aEscenario mortal
260 _aBuenos Aires
_bLumen
_c1997
300 _a48 p.
490 0 _aColección Locura y terror
650 4 _aCUENTOS DE TERROR
650 4 _aCUENTOS DE AVENTURAS
650 4 _aLITERATURA INFANTIL
650 4 _aACTIVIDADES DE APRENDIZAJE
653 _aLITERATURA JUVENIL
653 _aCUENTOS DE MISTERIO
655 _aLITERATURA
700 1 _aMarks, Alan
_eilustrador
700 1 _aCúccaro, Vanina
_etraductor
700 1 _aSmith, Lucy
_ediseño
942 _cBK
998 _cmartin
999 _c19797
_d19797